00595nam a2200169Ia 4500008004100000020001800041041000800059082001700067100002800084245008400112250000600196260003800202300001700240650002300257999001900280952012600299210716s2013 xx 000 0 und d a9788131518717 aeng a658.404 KLOT aKloppenborg, Timothy J. aContemporary project management: organize plan perform.bOrganize plan perform. a2 aNew DelhibCengage Learningc2013 axxi,425/2014 aProject Management c208779d208779 001040708MBAaAIMITbAIMITd2014-12-11g475.00l0o658.404 KLOTpMBA11345r2026-05-23 00:00:00v356.25w2021-07-16yBK